Ohio Colleges and Universities Quiz Stats

 Plays Quiz not verified by Sporcle

Score 0/56 Timer 10:00
1 Play Today
College or Univeristy % Correct
Ohio University
99.2%
The Ohio State University
99.1%
University of Cincinnati
95%
University of Toledo
93.6%
University of Akron
92.1%
Miami University
89%
Kent State University
88.7%
Cleveland State University
88.7%
Bowling Green State Univeristy
88.5%
University of Dayton
88.5%
Xavier University
79.4%
Youngstown State University
76.5%
Case Western Reserve University
76.2%
Wright State University
76%
Ohio Northern University
73.8%
Oberlin College
70.2%
Baldwin Wallace College
68.1%
College of Wooster
67.2%
Ashland University
66.7%
Otterbein College
65.6%
John Carroll University
65.3%
Marietta College
64.9%
University of Findlay
64.7%
Denison University
64.7%
Kenyon College
64.7%
Mount Union College
64.6%
Capital University
63.3%
Ohio Wesleyan University
62.8%
College or Univeristy % Correct
Wittenberg University
60.7%
Hiram College
55.4%
Tiffin University
54.7%
Walsh Univeristy
53.2%
Muskingum College
52%
Heidelberg University
51.7%
Malone University
48.1%
Notre Dame College
48.1%
Lake Erie College
48.1%
Ohio Dominican Univeristy
47.5%
Defiance College
46.8%
Shawnee State University
46.2%
Bluffton University
44.3%
Central State University
41.9%
Cedarville Univeristy
40.2%
Franklin University
39.3%
University of Rio Grande
37.9%
Wilmington College
35.8%
DeVry University
35%
Urbana University
34.7%
Ursuline College
33.8%
Mount Vernon Nazarene University
28.8%
Franciscan University of Steubenville
26%
College of Mount St. Joseph
24.9%
Lourdes College
24%
University of Northwestern Ohio
22%
Myers University
19.4%
Columbus College of Art and Design
17.5%

You're not logged in!

Compare scores with friends on all Sporcle quizzes.
OR
Log In

You Might Also Like...

Show Comments

Extras

Top Quizzes Today


Score Distribution

Your Account Isn't Verified!

In order to create a playlist on Sporcle, you need to verify the email address you used during registration. Go to your Sporcle Settings to finish the process.

Report this User

Report this user for behavior that violates our Community Guidelines.

Details: